00848nam a2200229 a 450000100060000000300080000600500170001400800410003103500190007204000270009104100080011808200260012611100910015224500930024326000490033630000340038550000190041965000310043870000490046970000520051871000480057073043BD-RjUL20211209082337.0170527s1959 maua 101 0 eng d a(BD-RjUL)73261 aMCLcMCLdBD-RjULbeng aeng 223a599.935bCIB 19592 aCIBA Foundation Symposium on Biochemistry of Human Geneticsd(1959 :cLondon, England)10aBiochemistry of human genetics /cedited by G.E.W. Wolstenholme and Cecelia M. O'Connor. aBoston :bLittle, Brown and company,cc1959. axii, 347 p. :bill. ;c21 cm. aIncludes index 0aHuman geneticsvCongresses1 aO'Connor, Cecilia M.q(Cecilia Mary),d1927-1 aWolstenholme, G. E. W.q(Gordon Ethelbert Ward)2 aInternational Union of Biological Sciences.